000
00381 a2200169 4500
001
068612
003
OSt
005
20220308124503.0
008
082
_a
305.4201
_b
C36G
100
1
_a
Chanter, Tina
245
1
_a
Gender
_c
by Tina Chanter
260
_a
London
_b
Continuum
_c
2006
300
_a
176p.
653
_a
English
942
_2
ddc
_c
BK
999
_c
2267
_d
2267